| 000 | 00777nam a22002177a 4500 | ||
|---|---|---|---|
| 999 |
_c19146 _d19146 |
||
| 003 | AR-CdUCM | ||
| 008 | 190516b ||||| |||| 00| 0 spa d | ||
| 040 |
_aMUNICIPALIDAD PROVINCIAL DEL CUSCO _cBIBLIOTECA MUNICIPAL DEL CUSCO |
||
| 082 |
_25ed _a120 / _bG25 |
||
| 100 |
_aGarcia Tuduri, Mercedes _940320 |
||
| 245 | _aIntroducción a la Filosofía / | ||
| 260 |
_aNew York : _bMinerva Books, _c1966. |
||
| 300 |
_a395 páginas ; _c23 cm. |
||
| 505 | _aContenido: Idea general de la filosofía -- Al actitud y los métodos -- División de la filosofía... | ||
| 650 |
_aFilosofía _9395 |
||
| 650 |
_aCiencias sociales _91096 |
||
| 650 |
_aMétodos de la filosofía _940321 |
||
| 700 |
_aGarcia Tuduri, Rosaura _940322 |
||
| 942 |
_2ddc _cLIBROS |
||
| 945 |
_adavv _d2019-05-16 |
||